History - World | 0 | 4 | 0 | 0 | 40 | 65 | 106.50 | 0 | 0 |
RMP - Philosophy | 0 | 4 | 0 | 0 | 40 | 82 | 101.75 | 0 | 0 |
History - Cross, Historiography, and Miscellaneous | 0 | 3 | 0 | 0 | 30 | 105 | 114.67 | 0 | 0 |
RMP - Christian Practice | 0 | 2 | 0 | 0 | 20 | 119 | 122.50 | 0 | 0 |
History - American | 0 | 2 | 0 | 0 | 20 | 97 | 101.50 | 0 | 0 |
Science - Physics | 0 | 2 | 0 | 0 | 20 | 109 | 111.50 | 0 | 0 |
Other - Other Academic and General Knowledge | 1 | 0 | 0 | 0 | 15 | 53 | 53.00 | 0 | 0 |
History - European | 0 | 1 | 0 | 0 | 10 | 92 | 92.00 | 0 | 0 |
Literature - American | 0 | 1 | 0 | 0 | 10 | 77 | 77.00 | 0 | 0 |
Literature - British | 0 | 1 | 0 | 0 | 10 | 126 | 126.00 | 0 | 0 |
Literature - World and Miscellaneous | 0 | 1 | 0 | 0 | 10 | 127 | 127.00 | 0 | 0 |
Science - Biology | 0 | 1 | 0 | 0 | 10 | 108 | 108.00 | 0 | 0 |
Social Science - Linguistics | 0 | 1 | 0 | 0 | 10 | 97 | 97.00 | 0 | 0 |
Fine Arts - Architecture | 0 | 1 | 0 | 0 | 10 | 94 | 94.00 | 0 | 0 |
Fine Arts - Music | 0 | 1 | 0 | 0 | 10 | 131 | 131.00 | 0 | 0 |
Fine Arts - Painting | 0 | 1 | 0 | 0 | 10 | 129 | 129.00 | 0 | 0 |
Fine Arts - Photography | 0 | 1 | 0 | 0 | 10 | 127 | 127.00 | 0 | 0 |
Geography - United States | 0 | 1 | 0 | 0 | 10 | 123 | 123.00 | 0 | 0 |
Geography - World | 0 | 1 | 0 | 0 | 10 | 118 | 118.00 | 0 | 0 |
Science - Math | 0 | 1 | 0 | 0 | 10 | 115 | 115.00 | 0 | 0 |
Current Events - U.S. | 0 | 1 | 0 | 0 | 10 | 87 | 87.00 | 0 | 0 |
Science - Chemistry | 0 | 0 | 0 | 0 | 0 | | 0.00 | 0 | 0 |
RMP - Jewish Practice | 0 | 0 | 0 | 0 | 0 | | 0.00 | 0 | 0 |